000 00573nam a2200229Ia 4500
003 OSt
005 20220924143247.0
006 a|||||r|||| 00| 0
007 ta
008 220923b |||||||| |||| 00| 0 ori d
024 _a307460
037 _cTextual
040 _aARTS
_cARTS
_bORI
041 _2ORI
_aORI
082 _aT, 1591K5
100 _aSenapati Adhiraj Mohan
_9215214
245 0 _aDrustipata
260 _c1965
650 _aORIYA LITERATURE
_927692
942 _hT, 1591K5
_cTEXL
_2CC
999 _c453811
_d453811